Comparative philosophy

Uloženo v:
Podrobná bibliografie
Hlavní autor: Bahm, Archie J.
Médium: Kniha
Jazyk:Undetermined
Vydáno: México, Distrito Federal Albuquerque 1995
Témata:
Tagy: Přidat tag
Žádné tagy, Buďte první, kdo vytvoří štítek k tomuto záznamu!

MARC

LEADER 00000nam a2200000Ia 4500
008 170316s9999 xx 000 0 und d
090 |a 100 B-4c 
100 |a Bahm, Archie J. 
245 |a Comparative philosophy 
260 |a México, Distrito Federal 
260 |b Albuquerque 
260 |c 1995 
300 |a 103 páginas 
650 |a FILOSOFÍA 
650 |a EPISTEMOLOGÍA 
999 |c 15749  |d 15749 
040 |a cru BVZT 
942 |c 15 D  |h 100 B-4c  |2 z